| 000 | 01806nam a2200349 a 4500 | ||
|---|---|---|---|
| 001 | BRCA_3197 | ||
| 005 | 20190320204146.0 | ||
| 008 | 180209s1731----enka---###---#000-0#eng-u | ||
| 041 | _aeng | ||
| 044 | _aenk | ||
| 084 |
_a498 _b.W36 _c1731 |
||
| 100 | 1 |
_aCervantes Saavedra, Miguel de _d1547-1616 _9213 |
|
| 245 | 1 | 0 |
_aThe History of the Valorous and Witty Knight-Errant Don Quixote of the Mancha _cWritten in Spanish by Michel Cervantes ; Translated into English by Thomas Shelton. |
| 260 |
_aLondres _bJ. Walthoe _c1731 |
||
| 300 |
_a4 v. _bil. _c17 cm. _eláminas plegables |
||
| 500 | _aContenido : v 1. Primera parte. Prólogo de Cervantes. Algunos versos preliminares. Texto. -- v 2. Texto. -- v 3. Segunda parte. Texto. -- v 4. Texto | ||
| 500 | _aEdición : Now Printed Verbatim from the Fourth Edition of 1620 With a Curious Sett of New Cuts, from the French of Coypel in 4 Volumes | ||
| 500 | _aSigue esta edición a la primera de Shelton, de la cual se diferencia por la distribución de tomos y tamaño. Va adornada con varias láminas de Coypel nuevamente grabadas. Piel; lomos decorados con dorados Lúdovik Osterc | ||
| 500 | _aEstado físico : Cubierta desprendida en el volumen 4 | ||
| 500 | _aIncluye índice : De los nombres y cosas notables de la obra | ||
| 500 | _aQM407 | ||
| 546 | _aTexto en : inglés | ||
| 650 | 1 | 4 |
_aNovela española _yÉpoca clásica, 1500-1700 _9215 |
| 650 | 1 | 4 |
_aLiteratura española _yÉpoca clásica, 1500-1700 _9216 |
| 650 | 1 | 4 |
_aNovela española _ySiglo XVII _9217 |
| 650 | 1 | 4 |
_aDon Quijote (Personaje ficticio) _eNovela _9218 |
| 700 | 1 |
_aShelton, Thomas _d?-1626 _eTraductor _98567 |
|
| 700 | 1 |
_aCoypel, Charles-Antone _d1694-1752 _eIlustrador _98568 |
|
| 740 | 0 | _aEl Ingenioso Hidalgo Don Quijote de la Mancha | |
| 902 | _aQFM | ||
| 942 |
_2lcc _cB |
||
| 999 |
_c2933 _d2933 |
||